Management by inquiry: a discursive accountability system for large organizations (Record no. 70426)

000 -LEADER
fixed length control field 00474pab a2200169 454500
008 - FIXED-LENGTH DATA ELEMENTS--GENERAL INFORMATION
fixed length control field 180718b2006 xxu||||| |||| 00| 0 eng d
100 ## - MAIN ENTRY--PERSONAL NAME
Personal name Haven-Smith, Lance de
245 ## - TITLE STATEMENT
Title Management by inquiry: a discursive accountability system for large organizations
260 ## - PUBLICATION, DISTRIBUTION, ETC.
Date of publication, distribution, etc. 2006
300 ## - PHYSICAL DESCRIPTION
Extent p.64-76.
362 ## - DATES OF PUBLICATION AND/OR SEQUENTIAL DESIGNATION
Dates of publication and/or sequential designation Jan-Feb
650 ## - SUBJECT ADDED ENTRY--TOPICAL TERM
Topical term or geographic name entry element Organizations
650 ## - SUBJECT ADDED ENTRY--TOPICAL TERM
Topical term or geographic name entry element Management
700 ## - ADDED ENTRY--PERSONAL NAME
Personal name Jenne, Kenneth C. II
773 ## - HOST ITEM ENTRY
Main entry heading Public Administration Review
909 ## -
-- 70426
Holdings
Withdrawn status Lost status Damaged status Not for loan Permanent Location Current Location Date acquired Serial Enumeration / chronology Barcode Date last seen Price effective from Koha item type
        Indian Institute of Public Administration Indian Institute of Public Administration 2018-07-19 Volume no: 66, Issue no: 1 AR70886 2018-07-19 2018-07-19 Articles

Powered by Koha